| 000 | 00774nam a2200265Ia 4500 | ||
|---|---|---|---|
| 003 | OSt | ||
| 005 | 20221006142343.0 | ||
| 006 | a|||||r|||| 00| 0 | ||
| 007 | ta | ||
| 008 | 221006b |||||||| |||| 00| 0 eng d | ||
| 020 |
_a9780700711109 _cP40.00 |
||
| 024 | _a6,152 | ||
| 037 | _cTextual | ||
| 040 |
_aEASL _cEASL _beng |
||
| 041 |
_2eng _aeng |
||
| 082 | _aV42:194.N9, P0 | ||
| 100 |
_aSODERBERG Marie Ed. _9143633 |
||
| 245 | 0 | _aJapanese influences and presences in Asia | |
| 260 |
_aSurrey _bCurzon Press _c2000 |
||
| 300 |
_a266p. _ccm. |
||
| 490 |
_v JEL _aNordic Institute of Asian Studies |
||
| 700 |
_a READER Ian Ed. _9143634 |
||
| 942 |
_hV42:194.N9, P0 _cTEXL _2CC |
||
| 999 |
_c1074238 _d1074238 |
||